[Event "Bahn-chGT"]
[Site "Winterberg"]
[Date "2004.09.30"]
[Round "5"]
[White "Gabriel, Wolfram"]
[Black "Gomis, Rico"]
[Result "1/2-1/2"]
[WhiteElo "1496"]
[BlackElo "1697"]
[PlyCount "106"]
[EventDate "2004.09.26"]
[EventType "swiss"]
[EventRounds "7"]
[EventCountry "GER"]
[SourceTitle "EXT 2013"]
[Source "ChessBase"]
[SourceDate "2012.11.22"]
[SourceVersion "1"]
[SourceVersionDate "2012.11.22"]
[SourceQuality "1"]

1. e4 g6 2. d4 Bg7 3. Nf3 c5 4. c3 cxd4 5. cxd4 Nf6 6. Nc3 0-0 7. Bc4 d6 8. 0-0 Nc6 9. a3 Bg4 10. Be3 a6 11. h3 Bxf3 12. Qxf3 Rc8 13. Ba2 h6 14. Rab1 Nh7 15. Rfd1 Qe8 16. Qg3 Kh8 17. Nd5 b5 18. Qh4 g5 19. Qg3 Rb8 20. Nc7 Qd7 21. Nxa6 Ra8 22. d5 Rxa6 23. dxc6 Rxc6 24. e5 Qc7 25. exd6 exd6 26. Bd5 Rc2 27. Bd4 Bxd4 28. Rxd4 Rc1+ 29. Rd1 Rxb1 30. Rxb1 Qc2 31. Qc3+ Qxc3 32. bxc3 Rc8 33. Rxb5 Rxc3 34. a4 Nf6 35. Bxf7 Ra3 36. a5 Nd7 37. Bd5 Nc5 38. Rb6 Rxa5 39. Rxd6 Kg7 40. Bf3 Ra6 41. Rd5 Ne6 42. Rd7+ Kf8 43. Rh7 Ng7 44. Rh8+ Ke7 45. Rc8 Rd6 46. Bg4 Ne8 47. g3 Rd8 48. Rc5 Kf6 49. Kg2 Rd6 50. Bf3 Kg7 51. Bh5 Nf6 52. Rc7+ Rd7 53. Rxd7+ Nxd7 1/2-1/2

[Event "Bahn-chGT"]
[Site "Winterberg"]
[Date "2004.09.26"]
[Round "1"]
[White "Gomis, Rico"]
[Black "Becker, Andre"]
[Result "0-1"]
[WhiteElo "1697"]
[BlackElo "2133"]
[PlyCount "68"]
[EventDate "2004.09.26"]
[EventType "swiss"]
[EventRounds "7"]
[EventCountry "GER"]
[SourceTitle "EXT 2013"]
[Source "ChessBase"]
[SourceDate "2012.11.22"]
[SourceVersion "1"]
[SourceVersionDate "2012.11.22"]
[SourceQuality "1"]

1. Nf3 g6 2. d4 Bg7 3. e4 c5 4. c3 Nf6 5. e5 Nd5 6. dxc5 Nc7 7. Bc4 Nc6 8. Bf4 0-0 9. 0-0 Ne6 10. Bxe6 fxe6 11. Bg3 Qc7 12. Re1 b6 13. cxb6 axb6 14. b4 Bb7 15. Nbd2 h6 16. Qb3 g5 17. h3 Rf5 18. Nd4 Nxd4 19. cxd4 Bd5 20. Qb2 Qb7 21. f3 h5 22. Nf1 b5 23. Ne3 Rff8 24. a3 Bc6 25. Nd1 Bh6 26. Nf2 Bxf3 27. gxf3 Qxf3 28. Bh2 g4 29. hxg4 hxg4 30. Qe2 g3 31. Bxg3 Qxg3+ 32. Kh1 Rf4 33. Qg4+ Rxg4 34. Nxg4 Qf3+ 0-1

[Event "EU-chT Railways USIC"]
[Site "Dresden"]
[Date "2000.06.21"]
[Round "3.6"]
[White "Andersen, Bent Lojengaard"]
[Black "Gomis, Rico"]
[Result "1/2-1/2"]
[WhiteElo "1600"]
[BlackElo "1710"]
[PlyCount "99"]
[EventDate "2000.06.19"]
[EventType "team-swiss"]
[EventRounds "7"]
[EventCountry "GER"]
[SourceTitle "EXT 2002"]
[Source "ChessBase"]
[SourceDate "2001.11.25"]
[SourceVersion "1"]
[SourceVersionDate "2001.11.25"]
[SourceQuality "1"]
[WhiteTeam "Denmark (USIC)"]
[BlackTeam "Netherlands (USIC)"]
[WhiteTeamCountry "DEN"]
[BlackTeamCountry "NED"]

1. d4 g6 2. c4 Bg7 3. Nc3 d6 4. e4 c6 5. Be2 a6 6. Nf3 Bg4 7. h3 Bxf3 8. Bxf3 Nd7 9. Be3 Ngf6 10. Qc2 0-0 11. 0-0 Rc8 12. Rac1 b5 13. cxb5 cxb5 14. Qd2 e5 15. d5 Nb6 16. b3 h5 17. Ne2 Nbd7 18. Rxc8 Qxc8 19. Rc1 Qb7 20. Qc2 Nb8 21. Qc7 Qxc7 22. Rxc7 Nfd7 23. g4 hxg4 24. Bxg4 Nf6 25. Bf3 Nfd7 26. Nc1 f5 27. Nd3 f4 28. Bc1 Re8 29. Bg4 Nf6 30. f3 Nxg4 31. hxg4 Bf8 32. Bd2 Be7 33. Ba5 Bd8 34. Rc8 Bb6+ 35. Bxb6 Rxc8 36. Nb4 Nd7 37. Ba5 Nc5 38. Bb6 Nd7 39. Ba5 Nb8 40. Kf1 Kf7 41. Bb6 Nd7 42. Ba5 Nb8 43. Bb6 Ke8 44. Ke2 Kd7 45. Kd2 Rh8 46. Ke2 Kc8 47. Ba5 Kb7 48. Kf2 Nd7 49. Kg2 Nb8 50. Kg1 1/2-1/2

[Event "Bahn-chG"]
[Site "Baiersbronn"]
[Date "1998.10.31"]
[Round "7"]
[White "Gomis, Rico"]
[Black "Hilbig, Klaus"]
[Result "1-0"]
[WhiteElo "1620"]
[BlackElo "1421"]
[PlyCount "107"]
[EventDate "1998.10.25"]
[EventType "swiss"]
[EventRounds "7"]
[EventCountry "GER"]
[SourceTitle "EXT 2001"]
[Source "ChessBase"]
[SourceDate "2000.11.22"]
[SourceVersion "1"]
[SourceVersionDate "2000.11.22"]
[SourceQuality "1"]

1. Nf3 Nc6 2. d4 e6 3. g3 d5 4. Bg2 Nf6 5. Bg5 Be7 6. 0-0 h6 7. Bxf6 Bxf6 8. c3 Bd7 9. Nbd2 Be7 10. e4 dxe4 11. Nxe4 0-0 12. Qc2 Qe8 13. Ned2 a6 14. Rfe1 Rb8 15. Rad1 Nd8 16. Ne5 Bc8 17. b4 Nc6 18. Nxc6 bxc6 19. Nc4 Bf6 20. Na5 Bd7 21. Nb3 Rb5 22. Nc5 Bc8 23. a4 Rb8 24. Qe4 Rb6 25. a5 Rb8 26. Qxc6 Qxc6 27. Bxc6 Rd8 28. Bg2 Be7 29. Nd3 Bd6 30. Ne5 Bxe5 31. Rxe5 Kf8 32. Rde1 Bb7 33. Bxb7 Rxb7 34. f4 g6 35. g4 Kg7 36. f5 gxf5 37. gxf5 exf5 38. Rxf5 Rd6 39. Re7 Rf6 40. Rxf6 Kxf6 41. Re8 Kf5 42. Ra8 Ke4 43. Rxa6 f5 44. Rxh6 f4 45. Kf2 Rb5 46. a6 Rg5 47. a7 Rg8 48. Ra6 Ra8 49. h4 Kf5 50. Kf3 c6 51. c4 Rg8 52. a8Q Rg3+ 53. Kf2 Kg4 54. Qxc6 1-0

[Event "Bahn-chG"]
[Site "Baiersbronn"]
[Date "1998.10.29"]
[Round "6"]
[White "Mietner, Franz"]
[Black "Gomis, Rico"]
[Result "1-0"]
[WhiteElo "1874"]
[BlackElo "1620"]
[PlyCount "162"]
[EventDate "1998.10.25"]
[EventType "swiss"]
[EventRounds "7"]
[EventCountry "GER"]
[SourceTitle "EXT 2001"]
[Source "ChessBase"]
[SourceDate "2000.11.22"]
[SourceVersion "1"]
[SourceVersionDate "2000.11.22"]
[SourceQuality "1"]

1. e4 g6 2. d4 Bg7 3. Nc3 d6 4. Bc4 e6 5. Be3 c6 6. f3 Ne7 7. Qd2 d5 8. exd5 cxd5 9. Bd3 Nbc6 10. Nge2 a6 11. a3 Bd7 12. 0-0 0-0 13. Rab1 b5 14. Na2 Qb6 15. c3 Rfc8 16. Qe1 Ne5 17. Nac1 Nc4 18. Bf2 Re8 19. Nb3 Bc6 20. Qc1 Nd6 21. Ng3 h5 22. Qg5 Qd8 23. Nc5 Nef5 24. Qxd8 Rexd8 25. Nxf5 Nxf5 26. Bxf5 gxf5 27. f4 Bf6 28. Rfe1 Kg7 29. Re3 Rh8 30. Rg3+ Kf8 31. Re1 Ke7 32. Ree3 a5 33. Nd3 h4 34. Rh3 Rag8 35. Kf1 Be8 36. g3 hxg3 37. Rxh8 Rxh8 38. Bxg3 Kd6 39. Nc5 Bc6 40. Nb3 a4 41. Nd2 Be8 42. Kg2 Bg7 43. Bf2 f6 44. h4 Bh5 45. Bg3 Rg8 46. Re1 Bh6 47. Kh2 Rg4 48. Rf1 Kd7 49. Rf2 Rg8 50. Nf1 Bf8 51. Ne3 Bd6 52. Nc2 Bf8 53. Ne1 Bh6 54. Rf1 Be2 55. Rg1 Rg4 56. Ng2 Bf3 57. Rf1 Bxg2 58. Kxg2 Ke7 59. Kf3 Kd6 60. Rh1 Kd7 61. h5 Ke7 62. b3 axb3 63. Rb1 Rg8 64. Rxb3 Rc8 65. Be1 Ra8 66. Bh4 Bg7 67. Ke2 Rh8 68. Rxb5 Rxh5 69. Rb7+ Kf8 70. Bf2 Rh2 71. a4 Bh6 72. a5 Bxf4 73. a6 Bg3 74. a7 Rxf2+ 75. Kd3 Ra2 76. Rb8+ Ke7 77. a8Q Rxa8 78. Rxa8 e5 79. Ra7+ Kd6 80. Ra6+ Ke7 81. Ra7+ Kf8 1-0

[Event "Bahn-chG"]
[Site "Baiersbronn"]
[Date "1998.10.27"]
[Round "4"]
[White "Wolf, Manfred"]
[Black "Gomis, Rico"]
[Result "0-1"]
[WhiteElo "1743"]
[BlackElo "1620"]
[PlyCount "92"]
[EventDate "1998.10.25"]
[EventType "swiss"]
[EventRounds "7"]
[EventCountry "GER"]
[SourceTitle "EXT 2001"]
[Source "ChessBase"]
[SourceDate "2000.11.22"]
[SourceVersion "1"]
[SourceVersionDate "2000.11.22"]
[SourceQuality "1"]

1. d4 g6 2. c4 Bg7 3. Nc3 d6 4. Nf3 Nf6 5. e3 0-0 6. Be2 Bg4 7. 0-0 c6 8. Qc2 Nbd7 9. Rd1 Rc8 10. h3 Bxf3 11. Bxf3 d5 12. cxd5 cxd5 13. Qe2 e6 14. Bd2 a6 15. Rac1 b5 16. b3 Re8 17. Be1 Nb6 18. Qd2 Bf8 19. Ne2 b4 20. Ng3 Qd6 21. Be2 Rc6 22. Rxc6 Qxc6 23. Rc1 Qb7 24. Qc2 Bd6 25. f4 Kg7 26. Bf2 Re7 27. Bd3 Rc7 28. Qd2 Qc8 29. Rxc7 Qxc7 30. Ne2 a5 31. Qc2 Ne8 32. g4 Qxc2 33. Bxc2 Nc7 34. Kg2 Nb5 35. Be1 Bb8 36. Bd3 Nd6 37. Kf3 f5 38. Ng3 Nbc8 39. Bb1 Nb5 40. Ne2 Ncd6 41. Bd3 Nc7 42. Bh4 Nc8 43. Be1 Nb6 44. Bc2 Nb5 45. Bd3 Na3 46. Bd2 Bd6 0-1

[Event "Bahn-chG"]
[Site "Baiersbronn"]
[Date "1998.10.26"]
[Round "3"]
[White "Gomis, Rico"]
[Black "Vogel, Georg"]
[Result "0-1"]
[WhiteElo "1620"]
[BlackElo "1765"]
[PlyCount "126"]
[EventDate "1998.10.25"]
[EventType "swiss"]
[EventRounds "7"]
[EventCountry "GER"]
[SourceTitle "EXT 2001"]
[Source "ChessBase"]
[SourceDate "2000.11.22"]
[SourceVersion "1"]
[SourceVersionDate "2000.11.22"]
[SourceQuality "1"]

1. Nf3 Nf6 2. g3 g6 3. Bg2 Bg7 4. d4 0-0 5. 0-0 d6 6. c3 c6 7. Nbd2 Nbd7 8. Re1 Nh5 9. e4 e5 10. Nb3 Re8 11. Bg5 f6 12. Be3 Qe7 13. d5 c5 14. Nbd2 Nf8 15. Nf1 Qf7 16. N3d2 f5 17. exf5 gxf5 18. Nc4 Rd8 19. Bg5 Nf6 20. f4 e4 21. Nfe3 Ng6 22. Bxf6 Qxf6 23. Rb1 Kh8 24. Qe2 Rg8 25. Qh5 Bd7 26. h4 Raf8 27. Qg5 Ne7 28. Kf2 Bh6 29. Qxf6+ Rxf6 30. Rg1 b5 31. Na5 Bf8 32. Bh3 h5 33. Bf1 Kh7 34. Be2 Kh6 35. a3 Rfg6 36. c4 a6 37. Nc6 Bxc6 38. dxc6 Bg7 39. cxb5 axb5 40. Bxb5 Bd4 41. Bc4 Bxe3+ 42. Kxe3 Rxg3+ 43. Kf2 Rxg1 44. Rxg1 Rxg1 45. Kxg1 Nxc6 46. Kf2 Ne7 47. a4 d5 48. Be2 Nc6 49. Bb5 Na5 50. Bd7 Kg6 51. Be8+ Kf6 52. Bxh5 d4 53. Bd1 c4 54. h5 Kg7 55. Ke2 Kh6 56. Kf2 e3+ 57. Kf1 d3 58. Bf3 Nb3 59. Bd5 Kxh5 60. Bxc4 Nd2+ 61. Ke1 Nxc4 62. b4 Kg4 63. a5 Kf3 0-1

[Event "Rail 4 countries 15th"]
[Site "Breukelen"]
[Date "1998.06.05"]
[Round "1.7"]
[White "Mitura, Vaclav"]
[Black "Gomis, Rico"]
[Result "1-0"]
[WhiteElo "2270"]
[BlackElo "1750"]
[PlyCount "65"]
[EventDate "1998.06.05"]
[EventType "team"]
[EventRounds "3"]
[EventCountry "NED"]
[SourceTitle "EXT 2005"]
[Source "ChessBase"]
[SourceDate "2004.11.15"]
[SourceVersion "1"]
[SourceVersionDate "2004.11.15"]
[SourceQuality "1"]

1. e4 g6 2. d4 Bg7 3. Nc3 d6 4. Nf3 Bg4 5. Be2 Nf6 6. Be3 c6 7. 0-0 0-0 8. Ne1 Bxe2 9. Qxe2 Nbd7 10. Rd1 Qc7 11. f4 e5 12. dxe5 dxe5 13. f5 a6 14. Kh1 Rfd8 15. Nd3 b5 16. Qf3 Nf8 17. Bg5 Rd6 18. Rde1 Ne8 19. Ne2 f6 20. Be3 g5 21. Nc5 Qf7 22. b3 a5 23. Nc1 a4 24. N1d3 axb3 25. axb3 Nc7 26. Nb7 Rd7 27. Ndc5 Na6 28. Nxd7 Qxd7 29. Nc5 Nxc5 30. Bxc5 Ra2 31. Qc3 Qf7 32. Bxf8 Bxf8 33. Qxc6 1-0